01283nam a2200301 a 4500001001200000003000800012006001900020007001500039008004100054020001800095020002700113040002100140035002100161050002400182245012600206260003900332300001900371504004100390505014800431533015200579650002300731650001800754655002900772700001800801700001900819710001700838856012600855ebr10551870CaPaEBRm u cr cn|||||||||120420s2012 enka sb 000 0 eng d z9781841504681 z9781841506869 (e-book) aCaPaEBRcCaPaEBR a(OCoLC)79338423814aN72.G46bS63 2012eb00aSpatialitiesh[electronic resource] :bthe geographies of art and architecture /cedited by Judith Rugg and Craig Martin. aBristol, U.K. :bIntellect,c2012. a220 p. :bill. aIncludes bibliographical references.0 apt. 1. Time, landscape and eroded space -- pt. 2. Relational configurations -- pt. 3. Projected utopias -- pt. 4. Disrupted concepts of "home." aElectronic reproduction.bPalo Alto, Calif. :cebrary,d2011.nAvailable via World Wide Web.nAccess may be limited to ebrary affiliated libraries. 0aArt and geography. 0aArchitecture. 7aElectronic books.2local1 aRugg, Judith.1 aMartin, Craig.2 aebrary, Inc.40uhttp://site.ebrary.com/lib/rucke/Doc?id=10551870zAn electronic book accessible through the World Wide Web; click to view